<?xml version="1.0" encoding="UTF-8"?>
<collection xmlns="http://www.loc.gov/MARC21/slim">
 <record>
  <leader>06896nam a2200409 a 4500</leader>
  <controlfield tag="001">kal120</controlfield>
  <controlfield tag="003">Gr-AtHEAL</controlfield>
  <controlfield tag="005">20160422084328.0</controlfield>
  <controlfield tag="006">m        d        </controlfield>
  <controlfield tag="008">160413s2015    gr      s           gre|c</controlfield>
  <datafield tag="020" ind1=" " ind2=" ">
   <subfield code="a">9786188212435</subfield>
  </datafield>
  <datafield tag="040" ind1=" " ind2=" ">
   <subfield code="a">GR-AtHEAL</subfield>
   <subfield code="b">gre</subfield>
   <subfield code="c">GR-AtHEAL</subfield>
  </datafield>
  <datafield tag="082" ind1="0" ind2="4">
   <subfield code="a">629</subfield>
   <subfield code="2">23</subfield>
  </datafield>
  <datafield tag="100" ind1="1" ind2=" ">
   <subfield code="a">Σπαθόπουλος, Βασίλειος.</subfield>
   <subfield code="8">1996</subfield>
  </datafield>
  <datafield tag="245" ind1="1" ind2="0">
   <subfield code="a">Συστήματα ελέγχου αεροσκάφους</subfield>
   <subfield code="h">[Ηλεκτρονικός πόρος] </subfield>
   <subfield code="c">Σπαθόπουλος, Βασίλειος ; Κριτικός αναγνώστης,Σεφερλής, Παναγιώτης.</subfield>
  </datafield>
  <datafield tag="260" ind1=" " ind2=" ">
   <subfield code="a">Αθήνα :</subfield>
   <subfield code="b">Σύνδεσμος Ελληνικών Ακαδημαϊκών Βιβλιοθηκών,</subfield>
   <subfield code="c">c2015.</subfield>
  </datafield>
  <datafield tag="490" ind1=" " ind2=" ">
   <subfield code="a">Ακαδημαϊκά Ηλεκτρονικά Συγγράμματα και Βοηθήματα Κάλλιπος</subfield>
   <subfield code="8">40</subfield>
  </datafield>
  <datafield tag="520" ind1=" " ind2=" ">
   <subfield code="a">Τα συστήματα ελέγχου ενός αεροσκάφους, είτε αυτά είναι συμβατικά είτε αυτόματα, αποτελούν αναπόσπαστο μέρος του σχεδιασμού του. Καθένας και καθεμία που ασχολείται με τον σχεδιασμό ή τη συντήρηση αεροσκαφών οφείλει να διαθέτει μια, έστω και βασική, γνώση της λειτουργίας των συστημάτων αυτών. Ο σκοπός του συγγράμματος «Συστήματα Ελέγχου Αεροσκαφών» είναι η μετάδοση αυτής της γνώσης με τρόπο περιεκτικό και κατανοητό. Στο πρώτο κεφάλαιο πραγματοποιείται μια ανασκόπηση των βασικών αρχών της αεροδυναμικής απαραίτητων για την πλήρη κατανόηση των μηχανισμών λειτουργίας των συστημάτων ελέγχου. Στο δεύτερο κεφάλαιο παρουσιάζονται οι συμβατικοί τρόποι ελέγχου του αεροσκάφους μέσω της μετακίνησης των κατάλληλων επιφανειών. Στο τρίτο κεφάλαιο αναλύονται διεξοδικά η στατική διαμήκης και εγκάρσια-πορειακή ευστάθεια και οι παράγοντες που την καθορίζουν. Στο τέταρτο κεφάλαιο ορίζονται οι εξισώσεις, γραμμικές και μη γραμμικές, της κίνησης του αεροσκάφους. Στο πέμπτο κεφάλαιο παρουσιάζεται η μοντελοποίηση της κίνησης μέσω των συναρτήσεων μεταφοράς του αεροσκάφους μαζί με τα χαρακτηριστικά της δυναμικής ευστάθειας. Στο έκτο κεφάλαιο περιγράφεται επιγραμματικά η έννοια των πτητικών ικανοτήτων. Στο έβδομο κεφάλαιο παρουσιάζεται μια ανακεφαλαίωση βασικών εννοιών της κλασικής θεωρίας του αυτόματου ελέγχου με έμφαση στη μέθοδο του γεωμετρικού τόπου ριζών. Στο όγδοο κεφάλαιο δίνονται παραδείγματα προσθήκης τεχνητής ευστάθειας για τη βελτίωση των πτητικών ικανοτήτων. Στο ένατο κεφάλαιο παρουσιάζεται ο τρόπος σχεδιασμού απλών αυτόματων πιλότων, ενώ περιγράφονται και οι βασικές αρχές λειτουργίας του συστήματος ILS. Στο δέκατο κεφάλαιο αναλύονται οι βασικές έννοιες της μοντελοποίησης στον χώρο κατάστασης. Στο ενδέκατο και τελευταίο κεφάλαιο οι έννοιες αυτές εφαρμόζονται στη μοντελοποίηση της κίνησης αεροσκάφους και στον σχεδιασμό συστημάτων αυτόματου ελέγχου του.</subfield>
  </datafield>
  <datafield tag="650" ind1=" " ind2="0">
   <subfield code="a">Airplanes</subfield>
   <subfield code="x">Design and construction</subfield>
   <subfield code="8">2156</subfield>
  </datafield>
  <datafield tag="653" ind1=" " ind2=" ">
   <subfield code="a">Πτητικές ικανότητες</subfield>
  </datafield>
  <datafield tag="653" ind1=" " ind2=" ">
   <subfield code="a">Δυναμική πτήσης</subfield>
  </datafield>
  <datafield tag="653" ind1=" " ind2=" ">
   <subfield code="a">Όργανα αεροσκαφών</subfield>
  </datafield>
  <datafield tag="653" ind1=" " ind2=" ">
   <subfield code="a">Ευστάθεια και έλεγχος</subfield>
  </datafield>
  <datafield tag="653" ind1=" " ind2=" ">
   <subfield code="a">Τεχνολογία και επιστήμες μηχανικών</subfield>
   <subfield code="a">Αεροναυτική μηχανολογία και τεχνολογία/αεροναυπηγική</subfield>
   <subfield code="a">Συστήματα αυτόματου ελέγχου πτήσεως</subfield>
  </datafield>
  <datafield tag="653" ind1=" " ind2=" ">
   <subfield code="a">Τεχνολογία και επιστήμες μηχανικών</subfield>
   <subfield code="a">Αεροναυτική μηχανολογία και τεχνολογία/αεροναυπηγική</subfield>
   <subfield code="a">Μηχανική πτήσης</subfield>
  </datafield>
  <datafield tag="653" ind1=" " ind2=" ">
   <subfield code="a">Τεχνολογία και επιστήμες μηχανικών</subfield>
   <subfield code="a">Αεροναυτική μηχανολογία και τεχνολογία/αεροναυπηγική</subfield>
   <subfield code="a">Σχεδιασμός αεροχημάτων</subfield>
  </datafield>
  <datafield tag="653" ind1=" " ind2=" ">
   <subfield code="a">Τεχνολογία και επιστήμες μηχανικών</subfield>
   <subfield code="a">Αεροναυτική μηχανολογία και τεχνολογία/αεροναυπηγική</subfield>
   <subfield code="a">Ευστάθεια και έλεγχος</subfield>
  </datafield>
  <datafield tag="653" ind1=" " ind2=" ">
   <subfield code="a">Τεχνολογία και επιστήμες μηχανικών</subfield>
   <subfield code="a">Αεροναυτική μηχανολογία και τεχνολογία/αεροναυπηγική</subfield>
   <subfield code="a">Όργανα αεροπλάνου</subfield>
  </datafield>
  <datafield tag="653" ind1=" " ind2=" ">
   <subfield code="a">Τεχνολογία και επιστήμες μηχανικών</subfield>
   <subfield code="a">Αεροναυτική μηχανολογία και τεχνολογία/αεροναυπηγική</subfield>
   <subfield code="a">Έλεγχος και έρευνα πτήσης</subfield>
  </datafield>
  <datafield tag="653" ind1=" " ind2=" ">
   <subfield code="a">Τεχνολογία και επιστήμες μηχανικών</subfield>
   <subfield code="a">Αεροναυτική μηχανολογία και τεχνολογία/αεροναυπηγική</subfield>
   <subfield code="a">Αεροδυναμική</subfield>
  </datafield>
  <datafield tag="653" ind1=" " ind2=" ">
   <subfield code="a">Τεχνολογία και επιστήμες μηχανικών</subfield>
   <subfield code="a">Αεροναυτική μηχανολογία και τεχνολογία/αεροναυπηγική</subfield>
  </datafield>
  <datafield tag="700" ind1="1" ind2=" ">
   <subfield code="a">Σεφερλής, Παναγιώτης</subfield>
   <subfield code="e">Κριτικός αναγνώστης</subfield>
   <subfield code="8">1997</subfield>
  </datafield>
  <datafield tag="856" ind1="4" ind2="0">
   <subfield code="u">http://hdl.handle.net/11419/120</subfield>
   <subfield code="z">Πλήρες Κείμενο - Full text</subfield>
  </datafield>
  <datafield tag="907" ind1=" " ind2=" ">
   <subfield code="a">.b25677901</subfield>
   <subfield code="b">12-06-18</subfield>
   <subfield code="c">29-07-16</subfield>
  </datafield>
  <datafield tag="949" ind1=" " ind2=" ">
   <subfield code="0">0</subfield>
   <subfield code="1">0</subfield>
   <subfield code="2">ddc</subfield>
   <subfield code="4">0</subfield>
   <subfield code="6">629_000000000000000_ΣΠΑ</subfield>
   <subfield code="7">0</subfield>
   <subfield code="8">KALL</subfield>
   <subfield code="8">548</subfield>
   <subfield code="d">2016-04-13</subfield>
   <subfield code="r">2016-04-13</subfield>
   <subfield code="w">2016-04-13</subfield>
   <subfield code="z">629 ΣΠΑ</subfield>
   <subfield code="o">SEAB KALLIPOS</subfield>
  </datafield>
  <datafield tag="998" ind1=" " ind2=" ">
   <subfield code="a">80</subfield>
   <subfield code="a">01</subfield>
   <subfield code="a">02</subfield>
   <subfield code="a">03</subfield>
   <subfield code="a">04</subfield>
   <subfield code="a">05</subfield>
   <subfield code="a">06</subfield>
   <subfield code="a">07</subfield>
   <subfield code="a">08</subfield>
   <subfield code="a">09</subfield>
   <subfield code="a">10</subfield>
   <subfield code="a">11</subfield>
   <subfield code="a">12</subfield>
   <subfield code="a">13</subfield>
   <subfield code="a">14</subfield>
   <subfield code="a">15</subfield>
   <subfield code="a">16</subfield>
   <subfield code="a">17</subfield>
   <subfield code="a">18</subfield>
   <subfield code="a">19</subfield>
   <subfield code="a">20</subfield>
   <subfield code="a">21</subfield>
   <subfield code="a">22</subfield>
   <subfield code="a">23</subfield>
   <subfield code="a">24</subfield>
   <subfield code="a">25</subfield>
   <subfield code="a">26</subfield>
   <subfield code="b">11-05-17</subfield>
   <subfield code="c">m</subfield>
   <subfield code="d">z  </subfield>
   <subfield code="e">-</subfield>
   <subfield code="f">gre</subfield>
   <subfield code="g">gr </subfield>
   <subfield code="h">0</subfield>
  </datafield>
  <datafield tag="942" ind1=" " ind2=" ">
   <subfield code="2">ddc</subfield>
   <subfield code="c">KALLIPOS</subfield>
  </datafield>
 </record>
</collection>
